[Event "8th Vellmar Chess Days"]
[Site "chess24.com"]
[Date "2016.07.30"]
[Round "4"]
[White "Boerma, Daniel"]
[Black "Rehbein, Ullrich"]
[Result "1-0"]
[Board "37"]
[WhiteElo "1926"]
[WhiteTeam "SC Papenburg"]
[WhiteCountry "GER"]
[WhiteFideId "12965715"]
[WhiteEloChange "7"]
[BlackElo "1800"]
[BlackTeam "TG Wehlheiden"]
[BlackCountry "GER"]
[BlackFideId "4681037"]
[BlackEloChange "-7"]

1. d4 {[%clk 1:30:30]} b5 {[%clk 1:30:30]} 2. e4 {[%clk 1:30:30]} Bb7 {[%clk
1:30:30]} 3. Bd3 {[%clk 1:30:30]} Nf6 {[%clk 1:30:30]} 4. Qe2 {[%clk 1:30:30]} e6
{[%clk 1:30:30]} 5. Nf3 {[%clk 1:30:30]} c5 {[%clk 1:30:30]} 6. c3 {[%clk
1:30:30]} a6 {[%clk 1:30:30]} 7. O-O {[%clk 1:30:30]} Be7 {[%clk 1:30:30]} 8. Rd1
{[%clk 1:30:30]} Qb6 {[%clk 1:30:30]} 9. Bc2 {[%clk 1:30:30]} O-O {[%clk
1:30:30]} 10. h3 {[%clk 1:30:30]} cxd4 {[%clk 1:30:30]} 11. cxd4 {[%clk 1:30:30]}
Nc6 {[%clk 1:30:30]} 12. a3 {[%clk 1:30:30]} Rac8 {[%clk 1:30:30]} 13. Be3 {[%clk
1:30:30]} Qc7 {[%clk 1:30:30]} 14. Bd3 {[%clk 1:30:30]} Qb8 {[%clk 1:30:30]} 15.
Nbd2 {[%clk 1:30:30]} Nh5 {[%clk 1:30:30]} 16. e5 {[%clk 1:30:30]} f5 {[%clk
1:30:30]} 17. Nh2 {[%clk 1:30:30]} g6 {[%clk 1:30:30]} 18. f4 {[%clk 1:30:30]}
Nxd4 {[%clk 1:30:30]} 19. Bxd4 {[%clk 1:30:30]} Nxf4 {[%clk 1:30:30]} 20. Qf1
{[%clk 1:30:30]} Nxd3 {[%clk 1:30:30]} 21. Qxd3 {[%clk 1:30:30]} Bc5 {[%clk
1:30:30]} 22. Ndf3 {[%clk 1:30:30]} Be7 {[%clk 1:30:30]} 23. Rac1 {[%clk
1:30:30]} Rxc1 {[%clk 1:30:30]} 24. Rxc1 {[%clk 1:30:30]} Rc8 {[%clk 1:30:30]}
25. Rxc8+ {[%clk 1:30:30]} Qxc8 {[%clk 1:30:30]} 26. Qc3 {[%clk 1:30:30]} Qb8
{[%clk 1:30:30]} 27. Bc5 {[%clk 1:30:30]} Bd8 {[%clk 1:30:30]} 28. Qd4 {[%clk
1:30:30]} Bd5 {[%clk 1:30:30]} 29. Nf1 {[%clk 1:30:30]} Bc7 {[%clk 1:30:30]} 30.
N1d2 {[%clk 1:30:30]} Qb7 {[%clk 1:30:30]} 31. Kf2 {[%clk 1:30:30]} Qc6 {[%clk
1:30:30]} 32. b4 {[%clk 1:30:30]} Kg7 {[%clk 1:30:30]} 33. Qh4 {[%clk 1:30:30]}
1-0

[Event "8th Vellmar Chess Days"]
[Site "chess24.com"]
[Date "2016.07.30"]
[Round "4"]
[White "Flach, Helene"]
[Black "Kluempen, Andreas"]
[Result "1-0"]
[Board "38"]
[WhiteElo "1712"]
[WhiteTeam "SK Langen"]
[WhiteCountry "GER"]
[WhiteFideId "12929735"]
[WhiteEloChange "15"]
[BlackElo "1917"]
[BlackTeam "SG Ennepe-Ruhr-Süd"]
[BlackCountry "GER"]
[BlackFideId "16226305"]
[BlackEloChange "-15"]

1. e4 {[%clk 1:30:30]} c5 {[%clk 1:30:30]} 2. Nf3 {[%clk 1:30:30]} d6 {[%clk
1:30:30]} 3. Bb5+ {[%clk 1:30:30]} Bd7 {[%clk 1:30:30]} 4. Bxd7+ {[%clk 1:30:30]}
Nxd7 {[%clk 1:30:30]} 5. O-O {[%clk 1:30:30]} Ngf6 {[%clk 1:30:30]} 6. Qe2 {[%clk
1:30:30]} g6 {[%clk 1:30:30]} 7. c3 {[%clk 1:30:30]} Bg7 {[%clk 1:30:30]} 8. d4
{[%clk 1:30:30]} cxd4 {[%clk 1:30:30]} 9. cxd4 {[%clk 1:30:30]} O-O {[%clk
1:30:30]} 10. Nc3 {[%clk 1:30:30]} e6 {[%clk 1:30:30]} 11. Bf4 {[%clk 1:30:30]}
Qb6 {[%clk 1:30:30]} 12. Rfd1 {[%clk 1:30:30]} a6 {[%clk 1:30:30]} 13. Rac1
{[%clk 1:30:30]} d5 {[%clk 1:30:30]} 14. e5 {[%clk 1:30:30]} Nh5 {[%clk 1:30:30]}
15. Bg5 {[%clk 1:30:30]} Bh8 {[%clk 1:30:30]} 16. Be7 {[%clk 1:30:30]} Rfe8
{[%clk 1:30:30]} 17. Ba3 {[%clk 1:30:30]} Rac8 {[%clk 1:30:30]} 18. Na4 {[%clk
1:30:30]} Qa7 {[%clk 1:30:30]} 19. Nc5 {[%clk 1:30:30]} b5 {[%clk 1:30:30]} 20.
Nxd7 {[%clk 1:30:30]} Qxd7 {[%clk 1:30:30]} 21. Qd2 {[%clk 1:30:30]} f5 {[%clk
1:30:30]} 22. Ne1 {[%clk 1:30:30]} Bg7 {[%clk 1:30:30]} 23. Nd3 {[%clk 1:30:30]}
Rxc1 {[%clk 1:30:30]} 24. Rxc1 {[%clk 1:30:30]} Rc8 {[%clk 1:30:30]} 25. Bd6
{[%clk 1:30:30]} Rxc1+ {[%clk 1:30:30]} 26. Qxc1 {[%clk 1:30:30]} Bf8 {[%clk
1:30:30]} 27. Bxf8 {[%clk 1:30:30]} Kxf8 {[%clk 1:30:30]} 28. Nc5 {[%clk
1:30:30]} Qc6 {[%clk 1:30:30]} 29. Qd2 {[%clk 1:30:30]} Ng7 {[%clk 1:30:30]} 30.
Qa5 {[%clk 1:30:30]} Ne8 {[%clk 1:30:30]} 31. Qxa6 {[%clk 1:30:30]} Qxa6 {[%clk
1:30:30]} 32. Nxa6 {[%clk 1:30:30]} Ke7 {[%clk 1:30:30]} 33. b3 {[%clk 1:30:30]}
1-0

[Event "8th Vellmar Chess Days"]
[Site "chess24.com"]
[Date "2016.07.30"]
[Round "4"]
[White "Schellen, Sven"]
[Black "Wehr, Alexander"]
[Result "1-0"]
[Board "39"]
[WhiteElo "1801"]
[WhiteTeam "SF Frankfurt"]
[WhiteCountry "GER"]
[WhiteFideId "24674885"]
[WhiteEloChange "13"]
[BlackElo "1911"]
[BlackTeam "SK Vellmar"]
[BlackCountry "GER"]
[BlackFideId "24628913"]
[BlackEloChange "-13"]

1. d4 {[%clk 1:30:30]} g6 {[%clk 1:30:30]} 2. c4 {[%clk 1:30:30]} Bg7 {[%clk
1:30:30]} 3. Nf3 {[%clk 1:30:30]} d6 {[%clk 1:30:30]} 4. Nc3 {[%clk 1:30:30]} Nf6
{[%clk 1:30:30]} 5. Bf4 {[%clk 1:30:30]} c6 {[%clk 1:30:30]} 6. e3 {[%clk
1:30:30]} Nh5 {[%clk 1:30:30]} 7. Bg5 {[%clk 1:30:30]} Qa5 {[%clk 1:30:30]} 8.
Be2 {[%clk 1:30:30]} Bg4 {[%clk 1:30:30]} 9. Bh4 {[%clk 1:30:30]} Nf6 {[%clk
1:30:30]} 10. Nd2 {[%clk 1:30:30]} Bxe2 {[%clk 1:30:30]} 11. Qxe2 {[%clk
1:30:30]} Nbd7 {[%clk 1:30:30]} 12. O-O {[%clk 1:30:30]} O-O {[%clk 1:30:30]} 13.
Rab1 {[%clk 1:30:30]} Rfe8 {[%clk 1:30:30]} 14. b4 {[%clk 1:30:30]} Qc7 {[%clk
1:30:30]} 15. Rfc1 {[%clk 1:30:30]} e5 {[%clk 1:30:30]} 16. d5 {[%clk 1:30:30]}
Rac8 {[%clk 1:30:30]} 17. Nb3 {[%clk 1:30:30]} h6 {[%clk 1:30:30]} 18. h3 {[%clk
1:30:30]} g5 {[%clk 1:30:30]} 19. Bg3 {[%clk 1:30:30]} Qd8 {[%clk 1:30:30]} 20.
dxc6 {[%clk 1:30:30]} bxc6 {[%clk 1:30:30]} 21. Rd1 {[%clk 1:30:30]} Qe7 {[%clk
1:30:30]} 22. Qd3 {[%clk 1:30:30]} Nb6 {[%clk 1:30:30]} 23. c5 {[%clk 1:30:30]}
dxc5 {[%clk 1:30:30]} 24. Nxc5 {[%clk 1:30:30]} Nfd5 {[%clk 1:30:30]} 25. Nxd5
{[%clk 1:30:30]} Nxd5 {[%clk 1:30:30]} 26. Qb3 {[%clk 1:30:30]} e4 {[%clk
1:30:30]} 27. Rbc1 {[%clk 1:30:30]} Be5 {[%clk 1:30:30]} 28. Bxe5 {[%clk
1:30:30]} Qxe5 {[%clk 1:30:30]} 29. b5 {[%clk 1:30:30]} Nb6 {[%clk 1:30:30]} 30.
Nd7 {[%clk 1:30:30]} Nxd7 {[%clk 1:30:30]} 31. Rxd7 {[%clk 1:30:30]} Qe6 {[%clk
1:30:30]} 32. Qxe6 {[%clk 1:30:30]} Rxe6 {[%clk 1:30:30]} 33. Rxa7 {[%clk
1:30:30]} c5 {[%clk 1:30:30]} 34. Rc4 {[%clk 1:30:30]} f5 {[%clk 1:30:30]} 35.
Rd7 {[%clk 1:30:30]} f4 {[%clk 1:30:30]} 36. a4 {[%clk 1:30:30]} fxe3 {[%clk
1:30:30]} 37. fxe3 {[%clk 1:30:30]} Rf6 {[%clk 1:30:30]} 38. a5 {[%clk 1:30:30]}
h5 {[%clk 1:30:30]} 39. b6 {[%clk 1:30:30]} g4 {[%clk 1:30:30]} 40. b7 {[%clk
1:30:30]} Rcf8 {[%clk 1:30:30]} 41. Rc1 {[%clk 1:30:30]} g3 {[%clk 1:30:30]} 42.
Rc7 {[%clk 1:30:30]} R6f7 {[%clk 1:30:30]} 43. Rxf7 {[%clk 1:30:30]} 1-0

[Event "8th Vellmar Chess Days"]
[Site "chess24.com"]
[Date "2016.07.30"]
[Round "4"]
[White "Cai, Zhuoran"]
[Black "Hansen, Jeppe"]
[Result "1-0"]
[Board "40"]
[WhiteElo "1898"]
[WhiteTeam "Tian Jin"]
[WhiteCountry "CHN"]
[WhiteFideId "8608091"]
[WhiteEloChange "6"]
[BlackElo "1759"]
[BlackTeam "Sydøstlolland Skakklub"]
[BlackCountry "DEN"]
[BlackFideId "1437640"]
[BlackEloChange "-6"]

1. d4 {[%clk 1:30:30]} e6 {[%clk 1:30:30]} 2. Nf3 {[%clk 1:30:30]} f5 {[%clk
1:30:30]} 3. c4 {[%clk 1:30:30]} Nf6 {[%clk 1:30:30]} 4. Nc3 {[%clk 1:30:30]} Be7
{[%clk 1:30:30]} 5. Qc2 {[%clk 1:30:30]} Nc6 {[%clk 1:30:30]} 6. b3 {[%clk
1:30:30]} O-O {[%clk 1:30:30]} 7. Bb2 {[%clk 1:30:30]} d6 {[%clk 1:30:30]} 8.
O-O-O {[%clk 1:30:30]} Ng4 {[%clk 1:30:30]} 9. e3 {[%clk 1:30:30]} Nb4 {[%clk
1:30:30]} 10. Qe2 {[%clk 1:30:30]} a5 {[%clk 1:30:30]} 11. a3 {[%clk 1:30:30]}
Nc6 {[%clk 1:30:30]} 12. d5 {[%clk 1:30:30]} Nce5 {[%clk 1:30:30]} 13. h3 {[%clk
1:30:30]} Nxf3 {[%clk 1:30:30]} 14. hxg4 {[%clk 1:30:30]} Ne5 {[%clk 1:30:30]}
15. g5 {[%clk 1:30:30]} Qe8 {[%clk 1:30:30]} 16. g3 {[%clk 1:30:30]} exd5 {[%clk
1:30:30]} 17. f4 {[%clk 1:30:30]} dxc4 {[%clk 1:30:30]} 18. Qh2 {[%clk 1:30:30]}
Nd3+ {[%clk 1:30:30]} 19. Bxd3 {[%clk 1:30:30]} cxd3 {[%clk 1:30:30]} 20. Qxh7+
{[%clk 1:30:30]} Kf7 {[%clk 1:30:30]} 21. Kb1 {[%clk 1:30:30]} Qc6 {[%clk
1:30:30]} 22. Qh5+ {[%clk 1:30:30]} Ke6 {[%clk 1:30:30]} 23. Qg6+ {[%clk
1:30:30]} Kd7 {[%clk 1:30:30]} 24. Qxg7 {[%clk 1:30:30]} b5 {[%clk 1:30:30]} 25.
Rh7 {[%clk 1:30:30]} Re8 {[%clk 1:30:30]} 26. Rxd3 {[%clk 1:30:30]} Qf3 {[%clk
1:30:30]} 27. Qf7 {[%clk 1:30:30]} b4 {[%clk 1:30:30]} 28. Qd5 {[%clk 1:30:30]}
Qxd5 {[%clk 1:30:30]} 29. Nxd5 {[%clk 1:30:30]} Kd8 {[%clk 1:30:30]} 30. Nxe7
{[%clk 1:30:30]} Rxe7 {[%clk 1:30:30]} 31. Bf6 {[%clk 1:30:30]} 1-0

[Event "8th Vellmar Chess Days"]
[Site "chess24.com"]
[Date "2016.07.30"]
[Round "4"]
[White "Helmer, Andreas"]
[Black "Krosenbrink, Marcel"]
[Result "0-1"]
[Board "41"]
[WhiteElo "1630"]
[WhiteTeam "Hamelner SV"]
[WhiteCountry "GER"]
[WhiteFideId "12956627"]
[WhiteEloChange "-4"]
[BlackElo "1894"]
[BlackTeam "SF Stadtlohn"]
[BlackCountry "NED"]
[BlackFideId "1033271"]
[BlackEloChange "4"]

1. d4 {[%clk 1:30:30]} f5 {[%clk 1:30:30]} 2. g3 {[%clk 1:30:30]} e6 {[%clk
1:30:30]} 3. Nf3 {[%clk 1:30:30]} Nf6 {[%clk 1:30:30]} 4. Bg2 {[%clk 1:30:30]}
Be7 {[%clk 1:30:30]} 5. c4 {[%clk 1:30:30]} d6 {[%clk 1:30:30]} 6. Nc3 {[%clk
1:30:30]} O-O {[%clk 1:30:30]} 7. O-O {[%clk 1:30:30]} Qe8 {[%clk 1:30:30]} 8.
Re1 {[%clk 1:30:30]} Qg6 {[%clk 1:30:30]} 9. Nh4 {[%clk 1:30:30]} Qf7 {[%clk
1:30:30]} 10. Nf3 {[%clk 1:30:30]} Nbd7 {[%clk 1:30:30]} 11. Qc2 {[%clk 1:30:30]}
e5 {[%clk 1:30:30]} 12. b3 {[%clk 1:30:30]} Qh5 {[%clk 1:30:30]} 13. Nh4 {[%clk
1:30:30]} Ng4 {[%clk 1:30:30]} 14. h3 {[%clk 1:30:30]} Nh6 {[%clk 1:30:30]} 15.
Bxh6 {[%clk 1:30:30]} gxh6 {[%clk 1:30:30]} 16. Nf3 {[%clk 1:30:30]} c6 {[%clk
1:30:30]} 17. Rad1 {[%clk 1:30:30]} Kh8 {[%clk 1:30:30]} 18. dxe5 {[%clk
1:30:30]} dxe5 {[%clk 1:30:30]} 19. b4 {[%clk 1:30:30]} Bxb4 {[%clk 1:30:30]} 20.
Qb2 {[%clk 1:30:30]} Be7 {[%clk 1:30:30]} 21. Rd2 {[%clk 1:30:30]} Bf6 {[%clk
1:30:30]} 22. Qb4 {[%clk 1:30:30]} Qf7 {[%clk 1:30:30]} 23. Red1 {[%clk 1:30:30]}
e4 {[%clk 1:30:30]} 24. Ne1 {[%clk 1:30:30]} Ne5 {[%clk 1:30:30]} 25. Rc2 {[%clk
1:30:30]} Be6 {[%clk 1:30:30]} 26. Rb1 {[%clk 1:30:30]} Nxc4 {[%clk 1:30:30]} 27.
Qxb7 {[%clk 1:30:30]} Na3 {[%clk 1:30:30]} 28. Qxf7 {[%clk 1:30:30]} Bxf7 {[%clk
1:30:30]} 29. Rbc1 {[%clk 1:30:30]} Nxc2 {[%clk 1:30:30]} 30. Rxc2 {[%clk
1:30:30]} Rab8 {[%clk 1:30:30]} 31. f3 {[%clk 1:30:30]} Bd4+ {[%clk 1:30:30]} 32.
Kf1 {[%clk 1:30:30]} Bd5 {[%clk 1:30:30]} 33. f4 {[%clk 1:30:30]} Rb6 {[%clk
1:30:30]} 34. Bh1 {[%clk 1:30:30]} Ra6 {[%clk 1:30:30]} 35. Nxd5 {[%clk 1:30:30]}
cxd5 {[%clk 1:30:30]} 36. Rd2 {[%clk 1:30:30]} Bc3 {[%clk 1:30:30]} 37. Rd1
{[%clk 1:30:30]} Rxa2 {[%clk 1:30:30]} 38. Ng2 {[%clk 1:30:30]} a5 {[%clk
1:30:30]} 39. Ne3 {[%clk 1:30:30]} d4 {[%clk 1:30:30]} 40. Nd5 {[%clk 1:30:30]}
Bb2 {[%clk 1:30:30]} 41. Rd2 {[%clk 1:30:30]} a4 {[%clk 1:30:30]} 0-1

[Event "8th Vellmar Chess Days"]
[Site "chess24.com"]
[Date "2016.07.30"]
[Round "4"]
[White "Freier, Werner, Dr."]
[Black "Kuschel, Heidi"]
[Result "1-0"]
[Board "42"]
[WhiteElo "1886"]
[WhiteTeam "Hildesheimer SV"]
[WhiteCountry "GER"]
[WhiteFideId "12932558"]
[WhiteEloChange "6"]
[BlackElo "1730"]
[BlackTeam "SVG Lauterbach"]
[BlackCountry "GER"]
[BlackFideId "12974587"]
[BlackEloChange "-6"]

1. e4 {[%clk 1:30:30]} e5 {[%clk 1:30:30]} 2. Nf3 {[%clk 1:30:30]} Nc6 {[%clk
1:30:30]} 3. Bb5 {[%clk 1:30:30]} a6 {[%clk 1:30:30]} 4. Ba4 {[%clk 1:30:30]} Nf6
{[%clk 1:30:30]} 5. O-O {[%clk 1:30:30]} b5 {[%clk 1:30:30]} 6. Bb3 {[%clk
1:30:30]} Be7 {[%clk 1:30:30]} 7. d3 {[%clk 1:30:30]} O-O {[%clk 1:30:30]} 8. a4
{[%clk 1:30:30]} Bb7 {[%clk 1:30:30]} 9. c3 {[%clk 1:30:30]} d6 {[%clk 1:30:30]}
10. Na3 {[%clk 1:30:30]} Na7 {[%clk 1:30:30]} 11. Bg5 {[%clk 1:30:30]} c5 {[%clk
1:30:30]} 12. axb5 {[%clk 1:30:30]} axb5 {[%clk 1:30:30]} 13. c4 {[%clk 1:30:30]}
b4 {[%clk 1:30:30]} 14. Nc2 {[%clk 1:30:30]} Nc6 {[%clk 1:30:30]} 15. Ba4 {[%clk
1:30:30]} Nd4 {[%clk 1:30:30]} 16. Ncxd4 {[%clk 1:30:30]} exd4 {[%clk 1:30:30]}
17. Bd2 {[%clk 1:30:30]} Qb6 {[%clk 1:30:30]} 18. Qb3 {[%clk 1:30:30]} Rfb8
{[%clk 1:30:30]} 19. Ra2 {[%clk 1:30:30]} Ng4 {[%clk 1:30:30]} 20. Rfa1 {[%clk
1:30:30]} Bf6 {[%clk 1:30:30]} 21. Bb5 {[%clk 1:30:30]} Be5 {[%clk 1:30:30]} 22.
h3 {[%clk 1:30:30]} Nf6 {[%clk 1:30:30]} 23. Nxe5 {[%clk 1:30:30]} dxe5 {[%clk
1:30:30]} 24. f4 {[%clk 1:30:30]} Qd6 {[%clk 1:30:30]} 25. Rxa8 {[%clk 1:30:30]}
Bxa8 {[%clk 1:30:30]} 26. f5 {[%clk 1:30:30]} h6 {[%clk 1:30:30]} 27. Ra6 {[%clk
1:30:30]} Qc7 {[%clk 1:30:30]} 28. Qd1 {[%clk 1:30:30]} Qe7 {[%clk 1:30:30]} 29.
Qa1 {[%clk 1:30:30]} Bb7 {[%clk 1:30:30]} 30. Ra7 {[%clk 1:30:30]} Qc7 {[%clk
1:30:30]} 31. Ba6 {[%clk 1:30:30]} Qb6 {[%clk 1:30:30]} 32. Bxb7 {[%clk 1:30:30]}
Rxb7 {[%clk 1:30:30]} 33. Ra6 {[%clk 1:30:30]} Qd8 {[%clk 1:30:30]} 34. Qa4
{[%clk 1:30:30]} Kh7 {[%clk 1:30:30]} 35. Qc6 {[%clk 1:30:30]} Rc7 {[%clk
1:30:30]} 36. Qb6 {[%clk 1:30:30]} Qe7 {[%clk 1:30:30]} 37. Ra8 {[%clk 1:30:30]}
Rb7 {[%clk 1:30:30]} 38. Qc6 {[%clk 1:30:30]} Qc7 {[%clk 1:30:30]} 39. Qa4 {[%clk
1:30:30]} Nd7 {[%clk 1:30:30]} 40. Ra5 {[%clk 1:30:30]} Nb6 {[%clk 1:30:30]} 41.
Qa1 {[%clk 1:30:30]} Nd7 {[%clk 1:30:30]} 42. b3 {[%clk 1:30:30]} Rb6 {[%clk
1:30:30]} 43. g4 {[%clk 1:30:30]} g5 {[%clk 1:30:30]} 44. fxg6+ {[%clk 1:30:30]}
fxg6 {[%clk 1:30:30]} 45. Be1 {[%clk 1:30:30]} g5 {[%clk 1:30:30]} 46. Bg3 {[%clk
1:30:30]} Kg6 {[%clk 1:30:30]} 47. Ra7 {[%clk 1:30:30]} Qd6 {[%clk 1:30:30]} 48.
Qf1 {[%clk 1:30:30]} Qf6 {[%clk 1:30:30]} 49. Qf5+ {[%clk 1:30:30]} Qxf5 {[%clk
1:30:30]} 50. exf5+ {[%clk 1:30:30]} Kf6 {[%clk 1:30:30]} 51. Rxd7 {[%clk
1:30:30]} Ra6 {[%clk 1:30:30]} 52. Rd5 {[%clk 1:30:30]} Ra3 {[%clk 1:30:30]} 53.
Bxe5+ {[%clk 1:30:30]} Kf7 {[%clk 1:30:30]} 54. Rxc5 {[%clk 1:30:30]} Rxb3 {[%clk
1:30:30]} 55. Rc7+ {[%clk 1:30:30]} Kg8 {[%clk 1:30:30]} 56. f6 {[%clk 1:30:30]}
1-0

[Event "8th Vellmar Chess Days"]
[Site "chess24.com"]
[Date "2016.07.30"]
[Round "4"]
[White "Schmidt, Daniel"]
[Black "Ziegenfuss, Antonia"]
[Result "0-1"]
[Board "43"]
[WhiteElo "1876"]
[WhiteTeam "SG Stadtilm"]
[WhiteCountry "GER"]
[WhiteFideId "12957950"]
[WhiteEloChange "-14"]
[BlackElo "1728"]
[BlackTeam "OSG Baden-Baden"]
[BlackCountry "GER"]
[BlackFideId "12962554"]
[BlackEloChange "14"]

1. c4 {[%clk 1:30:30]} c5 {[%clk 1:30:30]} 2. Nc3 {[%clk 1:30:30]} Nf6 {[%clk
1:30:30]} 3. g3 {[%clk 1:30:30]} d5 {[%clk 1:30:30]} 4. cxd5 {[%clk 1:30:30]}
Nxd5 {[%clk 1:30:30]} 5. Bg2 {[%clk 1:30:30]} Nc7 {[%clk 1:30:30]} 6. Nf3 {[%clk
1:30:30]} Nc6 {[%clk 1:30:30]} 7. d3 {[%clk 1:30:30]} e5 {[%clk 1:30:30]} 8. Nd2
{[%clk 1:30:30]} Be6 {[%clk 1:30:30]} 9. Qa4 {[%clk 1:30:30]} Qd7 {[%clk
1:30:30]} 10. Nc4 {[%clk 1:30:30]} f6 {[%clk 1:30:30]} 11. O-O {[%clk 1:30:30]}
Be7 {[%clk 1:30:30]} 12. Kh1 {[%clk 1:30:30]} O-O {[%clk 1:30:30]} 13. f4 {[%clk
1:30:30]} Nd5 {[%clk 1:30:30]} 14. fxe5 {[%clk 1:30:30]} Nxc3 {[%clk 1:30:30]}
15. bxc3 {[%clk 1:30:30]} fxe5 {[%clk 1:30:30]} 16. Bd2 {[%clk 1:30:30]} Bh3
{[%clk 1:30:30]} 17. Ne3 {[%clk 1:30:30]} Kh8 {[%clk 1:30:30]} 18. Qe4 {[%clk
1:30:30]} Bxg2+ {[%clk 1:30:30]} 19. Kxg2 {[%clk 1:30:30]} Rad8 {[%clk 1:30:30]}
20. Rxf8+ {[%clk 1:30:30]} Rxf8 {[%clk 1:30:30]} 21. Rf1 {[%clk 1:30:30]} Rxf1
{[%clk 1:30:30]} 22. Nxf1 {[%clk 1:30:30]} b5 {[%clk 1:30:30]} 23. e3 {[%clk
1:30:30]} b4 {[%clk 1:30:30]} 24. cxb4 {[%clk 1:30:30]} cxb4 {[%clk 1:30:30]} 25.
d4 {[%clk 1:30:30]} exd4 {[%clk 1:30:30]} 26. exd4 {[%clk 1:30:30]} a5 {[%clk
1:30:30]} 27. d5 {[%clk 1:30:30]} Nd8 {[%clk 1:30:30]} 28. Ne3 {[%clk 1:30:30]}
Bf6 {[%clk 1:30:30]} 29. Nc4 {[%clk 1:30:30]} Nb7 {[%clk 1:30:30]} 30. Ne5 {[%clk
1:30:30]} Qe8 {[%clk 1:30:30]} 31. Qe1 {[%clk 1:30:30]} Qxe5 {[%clk 1:30:30]} 32.
Qxe5 {[%clk 1:30:30]} Bxe5 {[%clk 1:30:30]} 33. Kf3 {[%clk 1:30:30]} Kg8 {[%clk
1:30:30]} 34. Ke4 {[%clk 1:30:30]} Bf6 {[%clk 1:30:30]} 35. Bf4 {[%clk 1:30:30]}
Kf7 {[%clk 1:30:30]} 36. Kd3 {[%clk 1:30:30]} Ke7 {[%clk 1:30:30]} 37. Kc4 {[%clk
1:30:30]} Kd7 {[%clk 1:30:30]} 38. Kb5 {[%clk 1:30:30]} Bd8 {[%clk 1:30:30]} 39.
h4 {[%clk 1:30:30]} Bc7 {[%clk 1:30:30]} 40. Ka6 {[%clk 1:30:30]} Bxf4 {[%clk
1:30:30]} 41. gxf4 {[%clk 1:30:30]} a4 {[%clk 1:30:30]} 0-1

[Event "8th Vellmar Chess Days"]
[Site "chess24.com"]
[Date "2016.07.30"]
[Round "4"]
[White "Poelig, Juergen"]
[Black "Salecker, Phil"]
[Result "1-0"]
[Board "44"]
[WhiteElo "1874"]
[WhiteTeam "SV Caissa Wolfenbüttel"]
[WhiteCountry "GER"]
[WhiteFideId "24661686"]
[WhiteEloChange "5"]
[BlackElo "1704"]
[BlackTeam "SC FK Babenhausen"]
[BlackCountry "GER"]
[BlackFideId "16216580"]
[BlackEloChange "-5"]

1. Nf3 {[%clk 1:30:30]} Nf6 {[%clk 1:30:30]} 2. g3 {[%clk 1:30:30]} c5 {[%clk
1:30:30]} 3. Bg2 {[%clk 1:30:30]} Nc6 {[%clk 1:30:30]} 4. O-O {[%clk 1:30:30]} d5
{[%clk 1:30:30]} 5. d3 {[%clk 1:30:30]} e6 {[%clk 1:30:30]} 6. Nbd2 {[%clk
1:30:30]} Bd6 {[%clk 1:30:30]} 7. e4 {[%clk 1:30:30]} O-O {[%clk 1:30:30]} 8. Re1
{[%clk 1:30:30]} Qc7 {[%clk 1:30:30]} 9. Qe2 {[%clk 1:30:30]} dxe4 {[%clk
1:30:30]} 10. dxe4 {[%clk 1:30:30]} e5 {[%clk 1:30:30]} 11. c3 {[%clk 1:30:30]}
Bg4 {[%clk 1:30:30]} 12. h3 {[%clk 1:30:30]} Bh5 {[%clk 1:30:30]} 13. g4 {[%clk
1:30:30]} Bg6 {[%clk 1:30:30]} 14. Nh4 {[%clk 1:30:30]} Qe7 {[%clk 1:30:30]} 15.
Nf5 {[%clk 1:30:30]} Bxf5 {[%clk 1:30:30]} 16. exf5 {[%clk 1:30:30]} Qc7 {[%clk
1:30:30]} 17. g5 {[%clk 1:30:30]} Nd7 {[%clk 1:30:30]} 18. Ne4 {[%clk 1:30:30]}
Kh8 {[%clk 1:30:30]} 19. Qh5 {[%clk 1:30:30]} Ne7 {[%clk 1:30:30]} 20. f6 {[%clk
1:30:30]} gxf6 {[%clk 1:30:30]} 21. gxf6 {[%clk 1:30:30]} Ng6 {[%clk 1:30:30]}
22. Bh6 {[%clk 1:30:30]} Rg8 {[%clk 1:30:30]} 23. Bg7+ {[%clk 1:30:30]} Rxg7
{[%clk 1:30:30]} 24. fxg7+ {[%clk 1:30:30]} Kxg7 {[%clk 1:30:30]} 25. Rad1 {[%clk
1:30:30]} Be7 {[%clk 1:30:30]} 26. Qg4 {[%clk 1:30:30]} Rd8 {[%clk 1:30:30]} 27.
Re3 {[%clk 1:30:30]} Nf8 {[%clk 1:30:30]} 28. Red3 {[%clk 1:30:30]} Rxd3 {[%clk
1:30:30]} 29. Rxd3 {[%clk 1:30:30]} Ne6 {[%clk 1:30:30]} 30. Ng3 {[%clk 1:30:30]}
Kh8 {[%clk 1:30:30]} 31. Be4 {[%clk 1:30:30]} Ngf4 {[%clk 1:30:30]} 32. Qf5
{[%clk 1:30:30]} Nf8 {[%clk 1:30:30]} 33. Re3 {[%clk 1:30:30]} f6 {[%clk
1:30:30]} 34. h4 {[%clk 1:30:30]} Qd6 {[%clk 1:30:30]} 35. Bxb7 {[%clk 1:30:30]}
Qd1+ {[%clk 1:30:30]} 36. Kh2 {[%clk 1:30:30]} Qd2 {[%clk 1:30:30]} 37. Ne4
{[%clk 1:30:30]} Qxb2 {[%clk 1:30:30]} 38. Bc8 {[%clk 1:30:30]} Qxa2 {[%clk
1:30:30]} 39. h5 {[%clk 1:30:30]} Qf7 {[%clk 1:30:30]} 40. Ng3 {[%clk 1:30:30]}
Qd5 {[%clk 1:30:30]} 41. Ne4 {[%clk 1:30:30]} Qc6 {[%clk 1:30:30]} 42. Rg3 {[%clk
1:30:30]} Nxh5 {[%clk 1:30:30]} 43. Qxh5 {[%clk 1:30:30]} Qxc8 {[%clk 1:30:30]}
44. Qf7 {[%clk 1:30:30]} Ng6 {[%clk 1:30:30]} 45. Rxg6 {[%clk 1:30:30]} hxg6
{[%clk 1:30:30]} 46. Qxe7 {[%clk 1:30:30]} Qf5 {[%clk 1:30:30]} 47. Qf8+ {[%clk
1:30:30]} 1-0

[Event "8th Vellmar Chess Days"]
[Site "chess24.com"]
[Date "2016.07.30"]
[Round "4"]
[White "Rafiee, Kayvan"]
[Black "Heckmann, Torsten"]
[Result "1/2-1/2"]
[Board "45"]
[WhiteElo "1843"]
[WhiteTeam "TG Wehlheiden"]
[WhiteCountry "GER"]
[WhiteFideId "4672879"]
[WhiteEloChange "2"]
[BlackElo "1928"]
[BlackTeam "SVG Caissa Kassel"]
[BlackCountry "GER"]
[BlackFideId "24653896"]
[BlackEloChange "-2"]

1. e4 {[%clk 1:30:30]} c5 {[%clk 1:30:30]} 2. Nf3 {[%clk 1:30:30]} Nc6 {[%clk
1:30:30]} 3. d4 {[%clk 1:30:30]} cxd4 {[%clk 1:30:30]} 4. Nxd4 {[%clk 1:30:30]}
Nf6 {[%clk 1:30:30]} 5. Nc3 {[%clk 1:30:30]} e5 {[%clk 1:30:30]} 6. Ndb5 {[%clk
1:30:30]} d6 {[%clk 1:30:30]} 7. Bg5 {[%clk 1:30:30]} a6 {[%clk 1:30:30]} 8. Na3
{[%clk 1:30:30]} b5 {[%clk 1:30:30]} 9. Nd5 {[%clk 1:30:30]} Be7 {[%clk 1:30:30]}
10. Bxf6 {[%clk 1:30:30]} Bxf6 {[%clk 1:30:30]} 11. c4 {[%clk 1:30:30]} b4 {[%clk
1:30:30]} 12. Nc2 {[%clk 1:30:30]} a5 {[%clk 1:30:30]} 13. g3 {[%clk 1:30:30]}
O-O {[%clk 1:30:30]} 14. Bg2 {[%clk 1:30:30]} Bg5 {[%clk 1:30:30]} 15. Qd3 {[%clk
1:30:30]} Be6 {[%clk 1:30:30]} 16. Nde3 {[%clk 1:30:30]} 1/2-1/2